000 00600nam a2200277Ia 4500
005 20260401122413.0
008 008 250103s9999 xx 000 0 eng d
020 _a9780300048681
037 _aTB
040 _aEDL
040 _beng
040 _cEDL
041 _2eng
041 _aeng
084 _a891.744 TER
084 _qEDL
245 0 _aHandbook of Russian Literature
260 _aNew Haven
260 _bYale University Press
260 _c1985
300 _a558p
942 _cTB
942 _h891.744 TER
999 _c1847052
_d1847052